20 Plus Beaux Villages de France en photos - Statistiques

Statistiques générales
  • Ce quiz a été pris 49 fois
  • Le résultat moyen est 4 sur 20
Statistiques - réponses
Par images Réponse % Correct
Collonges-la-Rouge
48%
Gordes
46%
Conques
43%
Saint-Cirq-Lapopie
28%
Grignan
24%
Roussillon
24%
Eguisheim
22%
Saint-Guilhem-le-Désert
22%
Vézelay
22%
La Roque-Gageac
20%
Saint-Jean-Pied-de-Port
17%
Pérouges
15%
Riquewihr
15%
Salers
15%
Veules-les-Roses
15%
Les-Baux-de-Provence
11%
Moustiers-Sainte-Marie
11%
Rochefort-en-Terre
11%
Barfleur
9%
Gerberoy
9%
Aucun quiz correspondant
Distribution des résultats
% des personnes avec chaque résultat
Percentile par nombre de réponses
Votre historique - résultats
Vous n’avez pas pris ce quiz